Select U.S. States by Time Zone - Statistics

General Stats
  • This quiz has been taken 675 times
  • The average score is 34 of 45
Answer Stats
Question Tile Select % Correct
Eastern Time Iowa No
97%
Eastern Time Minnesota No
97%
Eastern Time Missouri No
97%
Eastern Time Wisconsin No
96%
Eastern Time Pennsylvania Yes
95%
Eastern Time Illinois No
94%
Eastern Time Florida Yes
92%
Eastern Time Georgia Yes
90%
Central Time North Carolina No
90%
Mountain Time California No
89%
Central Time Georgia No
89%
Pacific Time Oregon Yes
89%
Pacific Time Washington Yes
89%
Mountain Time Washington No
87%
Mountain Time Utah Yes
86%
Eastern Time West Virginia Yes
86%
Eastern Time Mississippi No
85%
Central Time Montana No
84%
Pacific Time Montana No
84%
Pacific Time Utah No
84%
Central Time Illinois Yes
83%
Central Time Kansas Yes
83%
Central Time Colorado No
82%
Mountain Time Minnesota No
82%
Central Time Texas Yes
81%
Mountain Time Idaho Yes
79%
Central Time Ohio No
75%
Eastern Time Ohio Yes
74%
Mountain Time Arizona Yes
73%
Mountain Time Oklahoma No
73%
Pacific Time Nevada Yes
68%
Central Time North Dakota Yes
68%
Central Time Mississippi Yes
67%
Pacific Time Arizona No
63%
Eastern Time Kentucky Yes
62%
Eastern Time Alabama No
60%
Eastern Time Tennessee Yes
59%
Central Time Tennessee Yes
59%
Eastern Time Michigan Yes
55%
Pacific Time Alaska No
53%
Eastern Time Indiana Yes
53%
Central Time Alabama Yes
52%
Mountain Time South Dakota Yes
35%
Mountain Time Texas Yes
34%
Pacific Time Idaho Yes
27%
No matching quizzes found
Score Distribution
Percent of People with Each Score
Percentile by Number Answered
Your Score History
You have not taken this quiz